000 00379nam a2200133Ia 4500
008 220217s9999||||xx |||||||||||||| ||und||
020 _a8121926173
082 _a621.4 RAJ
100 _aRajput R.K
_93460
245 0 _aHeat and mass transfer SI units
260 _aS. Chand & company Ltd.
_bNew Delhi
_c2014
300 _aXVI, 903p.
_b600
650 _aHEAT AND MASS TRANSFOR
999 _c185023
_d185023